perso de dragon - Statistiques

Statistiques générales
  • Ce quiz a été pris 36 fois
  • Le résultat moyen est 8 sur 15
Statistiques - réponses
Hint Réponse % Correct
h harold
100%
a astrid
90%
r rustik
84%
s stoik
84%
k kranedur
77%
v varek
77%
k kognedur
74%
d drago
55%
g gueulfor
52%
v valka
48%
d dagur
42%
v vigo
23%
h hingrid
19%
a alvin
10%
s sauvage
10%
Aucun quiz correspondant
Distribution des résultats
% des personnes avec chaque résultat
Percentile par nombre de réponses
Votre historique - résultats
Vous n’avez pas pris ce quiz